000 00396nam a2200109Ia 4500
008 160909s9999 xx 000 0 und d
100 _aBauknight, Dwayne
245 _aThree Essays Analyzing the Pricing of a Community Supported Agriculture System
260 _bWest Virginia University
_c2016
650 _aMARKETING MANAGEMENT
856 _uhttp://pqdtopen.proquest.com/doc/1794655944.html?FMT=ABS
999 _c304864
_d304864